Sistema de control, a nivel de laboratorio, del proceso de biodegradacion del desecho de una planta extractora de aceite de palma
Αποθηκεύτηκε σε:
| Κύριος συγγραφέας: | |
|---|---|
| Μορφή: | Βιβλίο |
| Έκδοση: |
[San José , Costa Rica]
1985
|
| Θέματα: | |
| Ετικέτες: |
Προσθήκη ετικέτας
Δεν υπάρχουν, Καταχωρήστε ετικέτα πρώτοι!
|
MARC
| LEADER | 00000nam a2200000Ia 4500 | ||
|---|---|---|---|
| 003 | 010135 | ||
| 005 | 20221231144359.0 | ||
| 008 | 140114s1985 c a m 000 ||s d | ||
| 040 | |c cru CEDI | ||
| 090 | |a TFG 1734 | ||
| 100 | |a Calderón Hernández, Teresita |9 14352 | ||
| 245 | |a Sistema de control, a nivel de laboratorio, del proceso de biodegradacion del desecho de una planta extractora de aceite de palma | ||
| 260 | |c 1985 |a [San José , Costa Rica] | ||
| 300 | |a xii, 115 hojas (1 plegables) : ilustraciones | ||
| 500 | |a Proyecto de graduación (licenciatura en ingeniería química)--Universidad de Costa Rica. Facultad de Ingeniería. Escuela de Ingeniería Química | ||
| 650 | |x ACEITE DE PALMA |x BIODEGRADACION |x ANALISIS DE AGUAS RESIDUALES |9 14353 | ||
| 942 | |c TFG | ||
| 999 | |c 21015 |d 21015 | ||
